| 000 | 00964naa a22003017a 4500 | ||
|---|---|---|---|
| 001 | BR8108145 | ||
| 003 | BR-BrBNA | ||
| 005 | 20250721143146.0 | ||
| 007 | ta | ||
| 008 | 250630b bl.|||m| |||| 00| 0 por d | ||
| 040 |
_aBR-BrBNA _bpor _cBiblioteca Nacional de Agricultura |
||
| 041 | _a(Pt) | ||
| 072 |
_aF00; F25; L30 _b1910 _b1930 _b1950 _b5212 _bG514 |
||
| 090 | _aF00 BR8108145 | ||
| 100 | 1 | _aViana, H.A. | |
| 245 | 1 | _aProjeto bovinos [pastagem, adubacao, Goias, Brasil] | |
| 500 | _aRelatorio Tecnico 1980 Goiania, GO (Brasil): 1981. p. 58-88 [5 tables; 8 graphs] (BR8108145-AMS) | ||
| 650 | _aBOVINO | ||
| 650 | _aLEGUMINOSA FORRAGEIRA | ||
| 650 | _aPASTAGEM | ||
| 650 | _aGRAMINEA FORRAGEIRA | ||
| 650 | _aADUBACAO | ||
| 650 | _aCONSORCIACAO DE CULTURA | ||
| 650 | _aGOIAS | ||
| 490 |
_aRelatorio Tecnico - Empresa Goiana de Pesquisa Agropecuaria (Brazil) _xISSN 0100-7130 |
||
| 942 |
_cAMS _2AGRIS |
||
| 909 |
_a202506 _bLúcia _c55 _dLúcia Elande |
||
| 999 |
_c334011 _d334011 |
||